ბათუმის შოთა რუსთაველის სახელმწიფო უნივერსიტეტის ბიბლიოთეკა

ევროკავშირის პოლიტიკა / (ბიბ.ჩანაწერი № 61537)

000 -ლიდერი
ფიქსირებული სიგრძის საკონტროლო ველი 01622nam a22002657a 4500
003 - საკონტროლო ნომრის იდენტიფიკატორი
საკონტროლო ველი Ge_BSU
005 - ბოლო ოპერაციის თარიღი და დრო
საკონტროლო ველი 20240322101405.0
008 - ფიქსირებული სიგრძის მონაცემთა ელემენტები - ზოგადი ინფორმაცია
ფიქსირებული სიგრძის საკონტროლო ველი 240322s2023ge xxu||||| |||| 00| 0 geo d
020 ## - წიგნის საერთაშორისო სტანდარტული ნომერი
International Standard Book Number 9789941988813
041 ## - ენის კოდი
Language code of text/sound track or separate title geo
080 ## - უნივერსალური ათობითი კლასიფიკაციის ინდექსი
Universal Decimal Classification number 341.217(4) მ-18
100 ## - მთავარი ჩანაწერი - პიროვნების სახელი
Personal name მაკკორმიკი, ჯონ, ავტორი.
9 (RLIN) 21542
245 ## - ცნობა სათაურის შესახებ
Title ევროკავშირის პოლიტიკა /
Statement of responsibility, etc ჯონ მაკკორმიკი ; მთარგმნელი ხათუნა ბასილაშვილი ; რედ.ლალი ქადაგიძე ; წინათქმა კახა შენგელია.
250 ## - გამოცემის ცნობა
Edition statement მე-3 გამოცემა.
264 ## - წარმოების, გამოცემის, დისტრიბუციის და სხვა ცნობები
გამოცემის, წარმოების, დისტრიბუციის... ადგილი თბილისი :
გამოცემის, წარმოების, დისტრიბუციის... სახელწოდება კავკასიის უნივერსიტეტის გამომცემლობა,
გამოცემის, წარმოების, დისტრიბუციის... თარიღი 2023.
300 ## - ფიზიკური აღწერა
Extent 580 გვ. :
Other physical details სურ. ;
Dimensions 25 სმ.
500 ## - ზოგადი შენიშვნა
General note დაფინანსებულია საქართველოში აშშ-ის საელჩოს წიგნების თარგმნის პროექტის ფარგლებში
501 ## - შენიშვნა თანმხლებ მასალაზე
With note ტერმინთა საძიებელი: გვ. 573-579.
504 ## - BIBLIOGRAPHY, ETC. NOTE
Bibliography, etc ბიბლიოგრაფია: გვ. 560-572.
653 ## - INDEX TERM--UNCONTROLLED
Uncontrolled term ევროკავშირი
700 ## - ADDED ENTRY--PERSONAL NAME
Personal name ბასილაშვილი, ხათუნა
Relator term მთარგმნელი
9 (RLIN) 7737
700 ## - ADDED ENTRY--PERSONAL NAME
Personal name ქადაგიძე, ლალი
Relator term რედაქტორი
9 (RLIN) 10069
773 ## - HOST ITEM ENTRY
Title ნაჩუქარი
942 ## - ADDED ENTRY ELEMENTS (KOHA)
Source of classification or shelving scheme
Koha item type წიგნი
ეგზემპლარები
ჩამოწერის სტატუსი დაკარგული ეგზემპლარის სტატუსი კლასიფიკაციის წყარო ან თაროზე გაწყობის სქემა დაზიანების სტატუსი არ გაიცემა მუდმივი მდებარეობა (დაცვის ადგილი) ამჟამინდელი ადგილსამყოფელი თაროზე განთავსების ადგილი შეძენის თარიღი ღირებულება, შესყიდვის ნორმალური ფასი სრული შენახვის შიფრი შტრიხკოდი ბოლო ოპერაციის თარიღი ეგზემპლარის მიმდევრობითი ნომერი (კეტერი?) ფასის ძალაში შესვლის თარიღი ეგზემპლარის სახეობა საჯარო შენიშვნა
          ბათუმის შოთა რუსთაველის სახელმწიფო უნივერსიტეტის მთავარი ბიბლიოთეკა ბათუმის შოთა რუსთაველის სახელმწიფო უნივერსიტეტის მთავარი ბიბლიოთეკა წიგნსაცავი 2024-03-22 15.00 341.217(4) მ-18 67702 2024-03-22 67702 2024-03-22 წიგნი 15.00